| 000 | 00782cab a2200241 4500 | ||
|---|---|---|---|
| 001 | WB3312-10 | ||
| 008 | 090401t1997 xxu||||| |||| 00| 0 eng d | ||
| 035 | _a(Sirsi) u77236 | ||
| 041 | _aeng | ||
| 245 | _aFeelings on listing decisions | ||
| 260 | _c1997 | ||
| 350 | _a0 | ||
| 490 |
_aDepartment of National Heritage News Release _v(DNH 84/97) 13 March 1997, (3) |
||
| 520 | _aThose who responded to the government consultation on protecting historic buildings, are against economic factors being taken into account in listing decisions. | ||
| 650 | _aCONSULTATION PAPER | ||
| 650 | _aECONOMIC FACTORS | ||
| 650 | _aHISTORIC BUILDINGS | ||
| 650 | _aLISTED BUILDINGS | ||
| 650 | _aNATIONAL HERITAGE | ||
| 690 | _aCONSERVATION | ||
| 942 | _n0 | ||
| 948 | _c20/03/1997 | ||
| 999 |
_c48555 _d48555 |
||